Legislacin̤ bancaria

Detalles Bibliográficos
Autor principal: Morand Valdivieso, Luis
Formato: eBook
Lenguaje:español
Publicado: Santiago de Chile : Editorial jurd̕ica de Chile, 2012
Materias:
Acceso en línea:Acceso restringido

MARC

LEADER 00000nam a22000007a 4500
005 20120614172717.0
007 cr|||| ||||
008 120614s2012 cl |||||s|||| 00||0 spa d
020 |a 956-10-1837-3 
035 |a 6172 
040 |a vLex 
090 |c 3179  |d 3179 
100 1 |a Morand Valdivieso, Luis 
245 1 0 |a Legislacin̤ bancaria  |h [Recurso electrn̤ico] /  |c Luis Morand Valdivieso  
256 |a Servicio en ln̕ea 
260 |a Santiago de Chile :  |b Editorial jurd̕ica de Chile,  |c 2012 
300 |a 1 recurso electrn̤ico 
506 1 |a Contenido solo disponible en los productos indicados  |d vLex Global   |d vLex Global (Academic Edition, excluding Law Schools)   |d vLex Global (U.S. Academic Edition, Law Schools)   |d vLex Global (U.S. Academic Edition, excluding Law Schools)   |d vLex Global (Academic Edition, Law Schools)  
650 0 4 |a Bancos  |x Derecho y legislacin̤  |z Chile 
740 0 |a vLex Libros (Servicio en ln̕ea) 
856 4 0 |u http://vlex.com/source/legislacion-bancaria-6172  |z Acceso restringido 
942 |c BOOK 
999 0 |a Banks and banking 
999 0 |a Law and legislation